Basic Business Communication (Record no. 3631)

MARC details
000 -LEADER
fixed length control field 00394nam a22001697a 4500
005 - DATE AND TIME OF LATEST TRANSACTION
control field 20160623103518.0
008 - FIXED-LENGTH DATA ELEMENTS--GENERAL INFORMATION
fixed length control field 160623b xxu||||| |||| 00| 0 eng d
020 ## - INTERNATIONAL STANDARD BOOK NUMBER
ISBN 978-0-07-059976-5
041 ## - LANGUAGE CODE
Language code of text/sound track or separate title eng
082 ## - DEWEY DECIMAL CLASSIFICATION NUMBER
Item number 9277
100 ## - MAIN ENTRY--AUTHOR NAME
Personal name Lasikar and Flatley
245 ## - TITLE STATEMENT
Title Basic Business Communication
260 ## - PUBLICATION, DISTRIBUTION, ETC. (IMPRINT)
Name of publisher TMH
Year of publication 2007
300 ## - PHYSICAL DESCRIPTION
Number of Pages 551
650 ## - SUBJECT ADDED ENTRY--TOPICAL TERM
Topical Term Management
942 ## - ADDED ENTRY ELEMENTS (KOHA)
Koha item type Books
Holdings
Lost status Damaged status Collection code Home library Current library Shelving location Date acquired Full call number Accession Number Koha item type
    MANAGEMENT JRU Library JRU Library SHELF-62 -J 23/06/2016 9277 9277 Books
    MANAGEMENT JRU Library JRU Library SHELF-62 -J 23/06/2016 9277 9278 Books
      JRU Library   SHELF-29-B 23/06/2016 9277 9279 Books
    MANAGEMENT JRU Library JRU Library SHELF-62 -J 23/06/2016 9277 9280 Books
    MANAGEMENT JRU Library JRU Library SHELF-62 -J 23/06/2016 9277 9281 Books
    MANAGEMENT JRU Library JRU Library SHELF-62 -J 23/06/2016 9277 9282 Books
    MANAGEMENT JRU Library JRU Library SHELF-62 -J 23/06/2016 9277 9283 Books